000 00473nam a2200157 i 4500
001 51601
003 ES-MaACL
005 20230906162407.0
007 t|
008 030814s1931 it ||||1| ita d
100 1 _aChiarelli, Giuseppe.
_938464
245 1 3 _aLa personalitá giuridica delle associazioni professionali /
_cGiuseppe Chiarelli.
260 _aPadova :
_bCedam,
_c1931 (
_fLa Garangola)
300 _aXI, 431 p. ;
_c26 cm.
852 _aES-MaACL
_jC-5264
_bR.25780
999 _c51601
_d51601